00468cam a22001692 4500001001100000005001700011008004100028020001700069040001500086100003200101245007100133250001300204260003100217300001600248650003100264852000300295000002022520151217152209.0110902s xx 000 0 eng d a0080450094 : aKABUcKABU1 aKanski, Jack J.@000018029510aClinical ophthalmology :ba systematic approach /cJack J. Kanski. a6th ed. aLondon :bElsevier,c2007. aix, 931 p. 0aOphthalmology.@00001802961